Исследования по проблеме рифтовых зон Мирового океана. Т. 2 (Запись № 7698071)

Подробности
000 -МАРКЕР
контрольное поле 01544nam2a22002891 4500
001 - ИДЕНТИФИКАТОР ЗАПИСИ
контрольное поле rc\3327913
005 - ИДЕНТИФИКАТОР ВЕРСИИ
контрольное поле 20260405193403.0
021 ## - НОМЕР ГОСУДАРСТВЕННОЙ РЕГИСТРАЦИИ
Код страны Российская Федерация
Номер [72-74008]
035 ## - ДРУГИЕ СИСТЕМНЫЕ НОМЕРА
Идентификатор записи (NLR Aleph) 007511819
100 ## - ДАННЫЕ ОБЩЕЙ ОБРАБОТКИ
Данные общей обработки 20130115d1972 |||y0rusy50 ca
101 0# - ЯЗЫК РЕСУРСА
Язык текста, звукозаписи и т.д. русский
102 ## - СТРАНА ПУБЛИКАЦИИ ИЛИ ПРОИЗВОДСТВА
Страна публикации Российская Федерация
105 ## - ПОЛЕ КОДИРОВАННЫХ ДАННЫХ: ТЕКСТОВЫЕ МАТЕРИАЛЫ, МОНОГРАФИЧЕСКИЕ
Кодированные данные о монографическом текстовом документе ab z |||||
200 0# - ЗАГЛАВИЕ И СВЕДЕНИЯ ОБ ОТВЕТСТВЕННОСТИ
Основное заглавие Т. 2
Первые сведения об ответственности [Авт. акад. А.П. Виноградов, Удинцев Г.Б., Канаев В.Ф. и др.]
210 ## - ПУБЛИКАЦИЯ, РАСПРОСТРАНЕНИЕ И ДР.
Дата издания, распространения и т.д. 1972
215 ## - ФИЗИЧЕСКАЯ ХАРАКТЕРИСТИКА
Специфическое обозначение материала и объем 251 с., 1 л. граф.
Другие сведения о физической характеристике ил., карт.
320 ## - ПРИМЕЧАНИЯ О НАЛИЧИИ В ДОКУМЕНТЕ БИБЛИОГРАФИИ / УКАЗАТЕЛЯ
Текст примечания Список лит.: с. 239-249
461 #0 - УРОВЕНЬ НАБОРА
Встроенное поле 001rc\3327911
-- 2001#$aИсследования по проблеме рифтовых зон Мирового океана$f[Отв. ред. акад. А.П. Виноградов и Г.Б. Удинцев$gВступ. статья акад. А.П. Виноградова]$gАН СССР. Ин-т океанологии им. П.П. Ширшова. Т. 1-$vТ. 2
Системный номер (АБИС) связанной записи 7698066
Место публикации Москва
Дата публикации 1972-
Первые сведения об ответственности [Отв. ред. акад. А.П. Виноградов и Г.Б. Удинцев
Имя издателя, распространителя и т.д. Наука
Заглавие Исследования по проблеме рифтовых зон Мирового океана
Номер тома Т. 2
701 #1 - ИМЯ ЛИЦА - АЛЬТЕРНАТИВНАЯ ОТВЕТСТВЕННОСТЬ
Код отношения Автор
Материалы, к которым относится поле rus
Графика поля Кириллица
Начальный элемент ввода Удинцев
Часть имени, кроме начального элемента ввода Г. В.
Даты 1923-2017
Расширение инициалов личного имени Глеб Борисович
Идентификатор авторитетной/нормативной записи RU\NLR\AUTH\7785191
Системный номер авторитетной/нормативной записи 68119
701 #1 - ИМЯ ЛИЦА - АЛЬТЕРНАТИВНАЯ ОТВЕТСТВЕННОСТЬ
Начальный элемент ввода Канаев
Часть имени, кроме начального элемента ввода В.Ф.
701 #1 - ИМЯ ЛИЦА - АЛЬТЕРНАТИВНАЯ ОТВЕТСТВЕННОСТЬ
Начальный элемент ввода Виноградов
Часть имени, кроме начального элемента ввода А.П.
Расширение инициалов личного имени Александр Павлович
801 #0 - ИСТОЧНИК ЗАПИСИ
Страна Российская Федерация
Организация NLR
Правила каталогизации psbo
801 #1 - ИСТОЧНИК ЗАПИСИ
Страна Российская Федерация
Организация ELAR
Источник данных rusmarc
852 ## - МЕСТОНАХОЖДЕНИЕ И ШИФР ХРАНЕНИЯ
Идентификатор организации NLR
Шифр хранения (Call Number) 72-7/1302
942 ## - ДОПОЛНИТЕЛЬНЫЕ ЭЛЕМЕНТЫ ЗАПИСИ (АБИС)
Тип экземпляра АБИС Книга
980 ## - КОЛЛЕКЦИЯ
Название коллекции Национальная библиография
Экземпляры
Тип экземпляра Дата поступления Библиотека постоянного хранения Библиотека текущего хранения Место хранения Шифр хранения Штрих-код Статус экземпляра
Книга 26.10.2013 РНБ (Московский) РНБ (Московский) Русский книжный фонд: издания с 1957 года 72-7/1302 7511819-10